Fundamental concepts of bioinformatics. (Record no. 163374)

MARC details
000 -LEADER
fixed length control field 00528nam a2200193Ia 4500
003 - CONTROL NUMBER IDENTIFIER
control field OSt
005 - DATE AND TIME OF LATEST TRANSACTION
control field 20230620160651.0
008 - FIXED-LENGTH DATA ELEMENTS--GENERAL INFORMATION
fixed length control field 210423s2003 xx 000 0 und d
040 ## - CATALOGING SOURCE
Transcribing agency AL
041 ## - LANGUAGE CODE
Language code of text/sound track or separate title eng
082 ## - DEWEY DECIMAL CLASSIFICATION NUMBER
Classification number 574.80285 KRAD
100 ## - MAIN ENTRY--PERSONAL NAME
Personal name KRANE (Dan E);RAYMER (Michael L).
9 (RLIN) 98838
245 ## - TITLE STATEMENT
Title Fundamental concepts of bioinformatics.
260 ## - PUBLICATION, DISTRIBUTION, ETC.
Place of publication, distribution, etc. New Delhi
Name of publisher, distributor, etc. Pearson Education Pvt Ltd
Date of publication, distribution, etc. 2003
300 ## - PHYSICAL DESCRIPTION
Extent xiii,314
365 ## - TRADE PRICE
Price amount 185
Currency code INR
906 ## - LOCAL DATA ELEMENT F, LDF (RLIN)
a bioinformatics. ; concepts ; Fundamental
942 ## - ADDED ENTRY ELEMENTS (KOHA)
Source of classification or shelving scheme Dewey Decimal Classification
Koha item type Book
Holdings
Withdrawn status Lost status Damaged status Not for loan Collection code Home library Current library Date acquired Source of acquisition Cost, normal purchase price Total Checkouts Full call number Barcode Date last seen Price effective from Koha item type Date last checked out
        Bio Technology St Aloysius PG Library St Aloysius PG Library 01/04/2007 Higginbothams Pvt Ltd 185.00   574.80285 KRAD PG009869 08/24/2022 04/26/2021 Book  
        Bio Technology St Aloysius PG Library St Aloysius PG Library 01/04/2007 Higginbothams Pvt Ltd 185.00 2 574.80285 KRAD PG009870 03/06/2026 04/26/2021 Book 02/28/2026
        Bio Technology St Aloysius PG Library St Aloysius PG Library 01/04/2007 Higginbothams Pvt Ltd 185.00   574.80285 KRAD PG009871 08/24/2022 04/26/2021 Book